Flags with Hats - Statistics

General Stats
  • This quiz has been taken 434 times
    429 since last reset
  • The average score is 9 of 16
Answer Stats
Group Answer % Correct
Europe Spain
90%
Europe Liechtenstein
69%
Europe Vatican City
69%
Europe Serbia
65%
Europe Andorra
64%
South America Paraguay
60%
Europe Croatia
58%
Europe San Marino
58%
South America Bolivia
55%
Oceania Fiji
51%
North America Haiti
47%
North America Nicaragua
47%
Europe Montenegro
44%
North America El Salvador
42%
Africa Lesotho
34%
Asia Tajikistan
15%
No matching quizzes found
Score Distribution
Percent of People with Each Score
Percentile by Number Answered
Your Score History
You have not taken this quiz since the last reset